| 000 | 00712cam a22002295a 4500 | ||
|---|---|---|---|
| 001 | L140837 | ||
| 008 | 071015s2007 xxk f 000 0 eng d | ||
| 020 | _a9781904829652 | ||
| 035 | _a(Sirsi) u140837 | ||
| 041 | 0 | _aeng | |
| 050 | 0 | 4 | _a692.5 $2 18 |
| 110 | 2 |
_aBuilding Cost Information Service _91096 |
|
| 245 | 0 | 0 |
_aBCIS five year forecast _bAugust 2007 |
| 260 |
_aLondon _bBCIS _c2007 |
||
| 300 |
_a21p. _c30cm. |
||
| 490 | 0 |
_aBCIS Five Year Forecast _vAugust 2007 |
|
| 505 | 2 | _aBriefing -- Recent trends in the construction industry -- Forecast -- Tender Price Indices - Input Cost Indices | |
| 590 | _aKA | ||
| 651 | 4 |
_aUnited Kingdom _y |
|
| 690 | _aBUILT ENVIRONMENT-BUILDING COSTS | ||
| 942 | _n0 | ||
| 999 |
_c107548 _d107548 |
||